[Event "NB II. Breyer csoport"]
[Site "Tatabanya"]
[Date "2024.04.14"]
[Round "6.2"]
[White "Farkas, Gyula"]
[Black "Kecskes, Gabor"]
[Result "1/2-1/2"]
[WhiteElo "2119"]
[BlackElo "2128"]
[PlyCount "85"]
[EventDate "2023.10.08"]
[EventType "team-tourn"]
[EventRounds "9"]
[EventCountry "HUN"]
[Source "chess.hu"]
[WhiteTeam "Tatabanyai SC"]
[BlackTeam "Zsambeki SBE"]
[WhiteTeamCountry "HUN"]
[BlackTeamCountry "HUN"]

1. e4 c5 2. Nf3 d6 3. d4 cxd4 4. Qxd4 Nc6 5. Bb5 Bd7 6. Bxc6 Bxc6 7. Nc3 Nf6 8.
Bg5 h6 9. Bh4 g5 10. Bg3 Bg7 11. Qd3 Qb6 12. Rb1 Rd8 13. O-O d5 14. e5 Ne4 15.
e6 O-O 16. Ne5 fxe6 17. Nxe4 dxe4 18. Qb3 Qxb3 19. axb3 Rd2 20. Nxc6 bxc6 21.
c3 h5 22. h4 gxh4 23. Bxh4 Rb8 24. Bg5 Rd5 25. Bxe7 Rxb3 26. Rfe1 Kf7 27. Bh4
Rdb5 28. c4 R5b4 29. Re3 Rxb2 30. Rbe1 e5 31. f4 a5 32. fxe5 Ke6 33. Rxe4 Bf8
34. Rf4 Be7 35. Bxe7 Kxe7 36. e6 Rb1 37. Rf7+ Ke8 38. Rxb1 Rxb1+ 39. Kh2 a4 40.
Ra7 Rb4 41. c5 Rc4 42. Kh3 Rxc5 43. Rxa4 1/2-1/2

[Event "NB II. Breyer csoport"]
[Site "Tatabanya"]
[Date "2024.04.14"]
[Round "6.4"]
[White "Gaspar, David"]
[Black "Balog, Tamas"]
[Result "1/2-1/2"]
[WhiteElo "2037"]
[BlackElo "2028"]
[PlyCount "44"]
[EventDate "2023.10.08"]
[EventType "team-tourn"]
[EventRounds "9"]
[EventCountry "HUN"]
[Source "chess.hu"]
[WhiteTeam "Tatabanyai SC"]
[BlackTeam "Zsambeki SBE"]
[WhiteTeamCountry "HUN"]
[BlackTeamCountry "HUN"]

1. e4 c6 2. b3 d5 3. Bb2 dxe4 4. Nc3 Nf6 5. Nge2 Qa5 6. Ng3 e3 7. fxe3 Bg4 8.
Be2 Bxe2 9. Qxe2 e6 10. a3 Nbd7 11. Nce4 Be7 12. O-O h5 13. b4 Qc7 14. Nxf6+
Nxf6 15. Bxf6 gxf6 16. Nxh5 Qe5 17. Nf4 O-O-O 18. g3 Rdg8 19. Rae1 Bd6 20. Rf2
Qe4 21. Rg2 Qxc2 22. Qd3 Qxd3 1/2-1/2

[Event "NB II. Breyer csoport"]
[Site "Tatabanya"]
[Date "2024.04.14"]
[Round "6.5"]
[White "Tessedik, Karoly"]
[Black "Szekely, Csaba"]
[Result "1/2-1/2"]
[WhiteElo "1876"]
[BlackElo "2075"]
[PlyCount "72"]
[EventDate "2023.10.08"]
[EventType "team-tourn"]
[EventRounds "9"]
[EventCountry "HUN"]
[Source "chess.hu"]
[WhiteTeam "Zsambeki SBE"]
[BlackTeam "Tatabanyai SC"]
[WhiteTeamCountry "HUN"]
[BlackTeamCountry "HUN"]

1. c4 Nf6 2. Nf3 g6 3. g3 Bg7 4. Bg2 O-O 5. O-O d5 6. cxd5 Nxd5 7. Nc3 e5 8. d3
h6 9. Nxd5 Qxd5 10. Nd2 Qd8 11. Rb1 c6 12. b4 Nd7 13. a4 Rb8 14. Ba3 Re8 15. b5
c5 16. Ne4 Bf8 17. Qc1 b6 18. Bb2 Qe7 19. Nc3 Nf6 20. f4 Bb7 21. Bxb7 Qxb7 22.
fxe5 Nd7 23. Ne4 Qd5 24. Qf4 Bg7 25. Nd6 Re7 26. e4 Qxd3 27. Rbd1 Qb3 28. Rd2
Rf8 29. Rf3 Qe6 30. Nf5 Nxe5 31. Nxe7+ Qxe7 32. Bxe5 Bxe5 33. Qxh6 Bd4+ 34. Kg2
Qxe4 35. Qf4 Qe7 36. Rfd3 Re8 1/2-1/2

[Event "NB II. Breyer csoport"]
[Site "Tatabanya"]
[Date "2024.04.14"]
[Round "6.6"]
[White "Laszlo, Balazs"]
[Black "Metzger, Istvan"]
[Result "1/2-1/2"]
[WhiteElo "1959"]
[BlackElo "1826"]
[PlyCount "57"]
[EventDate "2023.10.08"]
[EventType "team-tourn"]
[EventRounds "9"]
[EventCountry "HUN"]
[Source "chess.hu"]
[WhiteTeam "Tatabanyai SC"]
[BlackTeam "Zsambeki SBE"]
[WhiteTeamCountry "HUN"]
[BlackTeamCountry "HUN"]

1. e4 e5 2. Nf3 Nc6 3. Bb5 a6 4. Ba4 Nf6 5. O-O Be7 6. Re1 d6 7. Bxc6+ bxc6 8.
d4 exd4 9. Nxd4 Bd7 10. Nc3 c5 11. Nf3 O-O 12. Bf4 Nh5 13. Be3 Nf6 14. e5 Ne8
15. Nd5 Bc6 16. Nxe7+ Qxe7 17. Bg5 Qd7 18. exd6 f6 19. Be3 cxd6 20. b3 Qg4 21.
h3 Qc8 22. Nd2 Qb7 23. f3 Bd5 24. Bf4 Rd8 25. c4 Bc6 26. Ne4 Bxe4 27. Rxe4 g5
28. Be3 Ng7 29. Bc1 1/2-1/2

[Event "NB II. Breyer csoport"]
[Site "Tatabanya"]
[Date "2024.04.14"]
[Round "6.7"]
[White "Horvath, Csaba"]
[Black "Szanto, Levente"]
[Result "0-1"]
[WhiteElo "1809"]
[BlackElo "1948"]
[PlyCount "104"]
[EventDate "2023.10.08"]
[EventType "team-tourn"]
[EventRounds "9"]
[EventCountry "HUN"]
[Source "chess.hu"]
[WhiteTeam "Zsambeki SBE"]
[BlackTeam "Tatabanyai SC"]
[WhiteTeamCountry "HUN"]
[BlackTeamCountry "HUN"]

1. d4 d5 2. c4 e6 3. Nc3 f5 4. Nf3 c6 5. Bf4 Bd6 6. Bxd6 Qxd6 7. Ne5 Nf6 8. e3
O-O 9. c5 Qe7 10. Bd3 Ne4 11. Bxe4 fxe4 12. Qe2 Nd7 13. Nxd7 Bxd7 14. f4 exf3
15. gxf3 e5 16. dxe5 Qxe5 17. O-O-O Bf5 18. e4 dxe4 19. Qc4+ Be6 20. Qxe4 Qg5+
21. f4 Qxf4+ 22. Qxf4 Rxf4 23. Rhe1 Bf5 24. Re7 Rb8 25. Rg1 Bg6 26. Rd1 Bf5 27.
Rg1 g6 28. Rge1 Rf2 29. Ne4 Bxe4 30. R1xe4 Rf7 31. h4 Rbf8 32. a3 Rxe7 33. Rxe7
Rf7 34. Re4 Rd7 35. Kc2 Kg7 36. b4 Kf6 37. a4 Kf5 38. Rc4 h6 39. b5 g5 40. hxg5
hxg5 41. Kb3 g4 42. Rc1 g3 43. Rf1+ Kg4 44. Rf6 Rg7 45. Rd6 g2 46. Rd1 Kf3 47.
Kb4 g1=Q 48. Rxg1 Rxg1 49. Ka5 Ke4 50. bxc6 bxc6 51. Ka6 Kd5 52. a5 Ra1 0-1

[Event "NB II. Breyer csoport"]
[Site "Tatabanya"]
[Date "2024.04.14"]
[Round "6.8"]
[White "Kosa, Andras Jozsef"]
[Black "Jencsik, Attila"]
[Result "1-0"]
[WhiteElo "1837"]
[BlackElo "1844"]
[PlyCount "53"]
[EventDate "2023.10.08"]
[EventType "team-tourn"]
[EventRounds "9"]
[EventCountry "HUN"]
[Source "chess.hu"]
[WhiteTeam "Tatabanyai SC"]
[BlackTeam "Zsambeki SBE"]
[WhiteTeamCountry "HUN"]
[BlackTeamCountry "HUN"]

1. e4 e5 2. Nc3 Nf6 3. f4 d6 4. Nf3 Bg4 5. d4 exd4 6. Qxd4 Bxf3 7. gxf3 Nc6 8.
Bb5 a6 9. Bxc6+ bxc6 10. Be3 Rb8 11. O-O-O c5 12. Qa4+ Qd7 13. Qxa6 Qh3 14. e5
Qxf3 15. Rhe1 Nd7 16. exd6 Bxd6 17. Bxc5+ Kd8 18. Bxd6 cxd6 19. Qxd6 Qb7 20.
Qa3 Kc8 21. Nd5 Ra8 22. Ne7+ Kd8 23. Qc3 Ra6 24. Qxg7 Re8 25. Qxf7 Rh8 26. Nd5
Kc8 27. Qe8+ 1-0

[Event "NB II. Breyer csoport"]
[Site "Tatabanya"]
[Date "2024.04.14"]
[Round "6.9"]
[White "Szendeff, Miklos"]
[Black "Korim, Zsolt"]
[Result "1-0"]
[WhiteElo "1758"]
[BlackElo "1791"]
[PlyCount "125"]
[EventDate "2023.10.08"]
[EventType "team-tourn"]
[EventRounds "9"]
[EventCountry "HUN"]
[Source "chess.hu"]
[WhiteTeam "Zsambeki SBE"]
[BlackTeam "Tatabanyai SC"]
[WhiteTeamCountry "HUN"]
[BlackTeamCountry "HUN"]

1. e4 c6 2. d4 d5 3. Nc3 dxe4 4. Nxe4 Bf5 5. Ng3 Bg6 6. Nf3 e6 7. Ne5 Ne7 8. h4
Nd7 9. Nxg6 hxg6 10. c4 Nf5 11. Nxf5 Qa5+ 12. Bd2 Qxf5 13. Bc3 Qe4+ 14. Qe2
Rxh4 15. Rxh4 Qxh4 16. d5 Nc5 17. dxc6 bxc6 18. g3 Qh5 19. g4 Qh1 20. O-O-O Rd8
21. Rxd8+ Kxd8 22. Qd1+ Nd7 23. b4 c5 24. a3 Qe4 25. Kb2 e5 26. f3 Qf4 27. Qd5
e4 28. Be2 f5 29. gxf5 gxf5 30. fxe4 Qxe4 31. Qxe4 fxe4 32. b5 Kc7 33. Bh5 Kd6
34. Bg6 e3 35. a4 Ne5 36. Bxe5+ Kxe5 37. Kc3 Kf4 38. a5 Kf3 39. Bh5+ Kf2 40. b6
axb6 41. a6 e2 42. Bxe2 Kxe2 43. a7 Bd6 44. a8=Q Be5+ 45. Kc2 Ke3 46. Qd8 Bd4
47. Qxb6 g5 48. Qg6 Kf4 49. Qf7+ Kg3 50. Kd3 g4 51. Ke2 Bg1 52. Kf1 Bd4 53. Qf5
Kh3 54. Qh7+ Kg3 55. Qd3+ Kh2 56. Qe2+ Kg3 57. Qg2+ Kf4 58. Ke2 Kf5 59. Qg3 Kg5
60. Kd2 Kf5 61. Kd3 Kg5 62. Ke4 Bb2 63. Qe3+ 1-0

[Event "NB II. Breyer csoport"]
[Site "Tatabanya"]
[Date "2024.04.14"]
[Round "6.10"]
[White "Lengyel, Sandor"]
[Black "Pregitzer, Gyorgy"]
[Result "1/2-1/2"]
[WhiteElo "1821"]
[BlackElo "1754"]
[PlyCount "24"]
[EventDate "2023.10.08"]
[EventType "team-tourn"]
[EventRounds "9"]
[EventCountry "HUN"]
[Source "chess.hu"]
[WhiteTeam "Tatabanyai SC"]
[BlackTeam "Zsambeki SBE"]
[WhiteTeamCountry "HUN"]
[BlackTeamCountry "HUN"]

1. e4 b6 2. d4 Bb7 3. Bd3 e6 4. Nf3 h6 5. O-O Be7 6. c4 d5 7. Nc3 dxc4 8. Bxc4
Nf6 9. d5 exd5 10. exd5 O-O 11. Bf4 Bd6 12. Bxd6 Qxd6 1/2-1/2

[Event "NB II. Breyer csoport"]
[Site "Tatabanya"]
[Date "2024.04.14"]
[Round "6.11"]
[White "Balogh, Fulop"]
[Black "Korodi, Mihaly"]
[Result "0-1"]
[WhiteElo "1475"]
[BlackElo "1786"]
[PlyCount "84"]
[EventDate "2023.10.08"]
[EventType "team-tourn"]
[EventRounds "9"]
[EventCountry "HUN"]
[Source "chess.hu"]
[WhiteTeam "Zsambeki SBE"]
[BlackTeam "Tatabanyai SC"]
[WhiteTeamCountry "HUN"]
[BlackTeamCountry "HUN"]

1. d4 Nf6 2. c4 e6 3. Nc3 b6 4. e3 Bb7 5. f3 Bb4 6. Bd2 O-O 7. a3 Bxc3 8. Bxc3
d5 9. cxd5 Nxd5 10. Qd2 Nd7 11. e4 Nxc3 12. Qxc3 Rc8 13. Bb5 c6 14. Ba4 b5 15.
Bb3 c5 16. Ne2 cxd4 17. Qxd4 Qa5+ 18. Nc3 Nc5 19. Bd1 Rfd8 20. b4 Rxd4 21. bxa5
Nd3+ 22. Ke2 Rxc3 23. Kd2 Rc8 24. Ke3 Rdd8 25. Rb1 a6 26. Be2 Ne5 27. f4 Nc4+
28. Bxc4 Rxc4 29. Kf2 Rd2+ 30. Kg3 g6 31. Rhd1 Rdc2 32. Kh3 Bxe4 33. Rb3 Bxg2+
34. Kg4 Bd5 35. Rbd3 Rxh2 36. Rd4 Rxd4 37. Rxd4 Kg7 38. a4 bxa4 39. Rxa4 Rc2
40. Kg3 Kf6 41. Kg4 Rc3 42. Kh4 Bg2 0-1

[Event "NB II. Breyer csoport"]
[Site "Budapest"]
[Date "2024.03.10"]
[Round "6.1"]
[White "Albrecht, Gabor"]
[Black "Berta, Sandor"]
[Result "1-0"]
[WhiteElo "2119"]
[BlackElo "2060"]
[PlyCount "51"]
[EventDate "2023.10.08"]
[EventType "team-tourn"]
[EventRounds "9"]
[EventCountry "HUN"]
[Source "chess.hu"]
[WhiteTeam "Fehervar SE"]
[BlackTeam "MTK Budapest II."]
[WhiteTeamCountry "HUN"]
[BlackTeamCountry "HUN"]

1. e4 g6 2. d4 Bg7 3. Nc3 d5 4. exd5 Nf6 5. Bc4 Nbd7 6. Nf3 Nb6 7. Bb3 a5 8. a4
O-O 9. O-O Nbxd5 10. Nxd5 Nxd5 11. c3 Qd6 12. Re1 Re8 13. Ne5 f6 14. c4 fxe5
15. dxe5 Bxe5 16. c5 Bxh2+ 17. Kh1 Qf6 18. Qxd5+ e6 19. Qe4 Qxf2 20. Kxh2 Bd7
21. Be3 Qxb2 22. Bd4 Qd2 23. Qe5 Qh6+ 24. Kg1 Rf8 25. Rf1 Rf5 26. Bxe6+ 1-0

[Event "NB II. Breyer csoport"]
[Site "Budapest"]
[Date "2024.03.10"]
[Round "6.2"]
[White "Birovecz, Ben Jordan"]
[Black "Papagorasz, Takisz"]
[Result "0-1"]
[WhiteElo "1992"]
[BlackElo "2132"]
[PlyCount "128"]
[EventDate "2023.10.08"]
[EventType "team-tourn"]
[EventRounds "9"]
[EventCountry "HUN"]
[Source "chess.hu"]
[WhiteTeam "MTK Budapest II."]
[BlackTeam "Fehervar SE"]
[WhiteTeamCountry "HUN"]
[BlackTeamCountry "HUN"]

1. d4 Nf6 2. c4 e6 3. Nc3 Bb4 4. e3 O-O 5. Nge2 d5 6. cxd5 exd5 7. a3 Bd6 8.
Ng3 c5 9. Bd3 cxd4 10. exd4 Re8+ 11. Be3 Bg4 12. Qd2 Nc6 13. O-O Bf8 14. Rac1
h6 15. Rfe1 a6 16. Na4 Na5 17. Rc3 b5 18. Nc5 Bxc5 19. h3 Bf8 20. hxg4 Nxg4 21.
Bf4 Nc4 22. Rxe8 Qxe8 23. Qe2 Nf6 24. Be5 Nd7 25. Qf3 Ndxe5 26. dxe5 Nxe5 27.
Qxd5 Rd8 28. Qe4 Nxd3 29. Qxe8 Rxe8 30. Rxd3 Re1+ 31. Kh2 Bc5 32. Rd2 g6 33. f3
Kg7 34. Ne4 Be3 35. Rc2 h5 36. g3 Rc1 37. Re2 Bd4 38. Nf2 Rf1 39. Nd3 Rxf3 40.
Nb4 Rb3 41. Nxa6 Rxb2 42. Rxb2 Bxb2 43. Nc7 Bxa3 44. Nxb5 Bb2 45. Nd6 h4 46.
Nc4 hxg3+ 47. Kxg3 Bd4 48. Kg4 f6 49. Kf4 Kf7 50. Ke4 Bc5 51. Kd5 Bb4 52. Ne3
Bd2 53. Nc2 f5 54. Nd4 Kf6 55. Nc6 Bc3 56. Nd8 g5 57. Kc4 g4 58. Kd3 Ba5 59.
Nc6 Bb6 60. Ke2 f4 61. Nb4 Kf5 62. Nc2 Ke4 63. Kf1 f3 64. Nb4 g3 0-1

[Event "NB II. Breyer csoport"]
[Site "Budapest"]
[Date "2024.03.10"]
[Round "6.3"]
[White "Csire, Bence"]
[Black "Thierry, Edvard"]
[Result "1/2-1/2"]
[WhiteElo "2098"]
[BlackElo "1915"]
[PlyCount "149"]
[EventDate "2023.10.08"]
[EventType "team-tourn"]
[EventRounds "9"]
[EventCountry "HUN"]
[Source "chess.hu"]
[WhiteTeam "Fehervar SE"]
[BlackTeam "MTK Budapest II."]
[WhiteTeamCountry "HUN"]
[BlackTeamCountry "HUN"]

1. e4 e6 2. d4 d5 3. Nd2 c5 4. exd5 exd5 5. dxc5 Bxc5 6. Nb3 Bb6 7. Nf3 Nf6 8.
Bb5+ Nc6 9. O-O O-O 10. Bg5 a6 11. Be2 h6 12. Bh4 Bf5 13. c3 Re8 14. Re1 g5 15.
Bg3 Ne4 16. Nfd4 Qf6 17. Bf3 Ne5 18. Bxe5 Rxe5 19. Rf1 Rae8 20. g3 Bh3 21. Bg2
Bxg2 22. Kxg2 R5e7 23. f4 Bxd4 24. Qxd4 Qxd4 25. Nxd4 Nd2 26. Rf2 Nc4 27. Nf5
Ne3+ 28. Nxe3 Rxe3 29. fxg5 hxg5 30. Rd1 R8e5 31. h3 Kg7 32. Rd4 R3e4 33. Rd3
f5 34. Rfd2 Re2+ 35. Kf3 R5e3+ 36. Rxe3 Rxd2 37. Re7+ Kf6 38. Rxb7 Rh2 39. a4
Rxh3 40. Kg2 Rh8 41. a5 Ke5 42. Rb6 Ra8 43. Kf3 d4 44. cxd4+ Kxd4 45. Rg6 Rb8
46. Rxg5 Ke5 47. g4 Rb3+ 48. Ke2 Ke4 49. Rxf5 Rxb2+ 50. Kf1 Ra2 51. Kg1 Rb2 52.
Rc5 Kf4 53. g5 Rb3 54. Kf2 Rf3+ 55. Ke2 Rg3 56. Rc6 Rxg5 57. Rxa6 Rd5 58. Ra8
Ke5 59. a6 Rd7 60. a7 Kd6 61. Kf3 Kd5 62. Ke3 Re7+ 63. Kf4 Rf7+ 64. Kg5 Rg7+
65. Kf6 Rd7 66. Kg6 Kd6 67. Kf5 Kd5 68. Kf4 Kd4 69. Kf3 Kd3 70. Kg4 Kd4 71. Kg5
Kd5 72. Kg6 Kd6 73. Kf6 Kd5 74. Kf5 Rf7+ 75. Kg6 1/2-1/2

[Event "NB II. Breyer csoport"]
[Site "Budapest"]
[Date "2024.03.10"]
[Round "6.4"]
[White "Yip, Michael"]
[Black "Szabo, Lorinc"]
[Result "1/2-1/2"]
[WhiteElo "1900"]
[BlackElo "2039"]
[PlyCount "51"]
[EventDate "2023.10.08"]
[EventType "team-tourn"]
[EventRounds "9"]
[EventCountry "HUN"]
[Source "chess.hu"]
[WhiteTeam "MTK Budapest II."]
[BlackTeam "Fehervar SE"]
[WhiteTeamCountry "HUN"]
[BlackTeamCountry "HUN"]

1. e4 c5 2. Nf3 d6 3. Bb5+ Bd7 4. Bxd7+ Qxd7 5. c4 Nc6 6. d4 Qg4 7. O-O cxd4 8.
h3 Qxe4 9. Re1 Qf5 10. Nxd4 Qd7 11. Nc3 Nf6 12. Bg5 O-O-O 13. Ncb5 e5 14. Nxc6
bxc6 15. Nc3 h6 16. Bxf6 gxf6 17. Qf3 f5 18. Rad1 e4 19. Qe3 Be7 20. b4 Bf6 21.
b5 f4 22. bxc6 fxe3 23. cxd7+ Rxd7 24. Nxe4 exf2+ 25. Kxf2 Be5 26. Rd3 1/2-1/2

[Event "NB II. Breyer csoport"]
[Site "Budapest"]
[Date "2024.03.10"]
[Round "6.5"]
[White "Fellegi, Zoltan"]
[Black "Boros, Krisztian Levente"]
[Result "1/2-1/2"]
[WhiteElo "1986"]
[BlackElo "1986"]
[PlyCount "220"]
[EventDate "2023.10.08"]
[EventType "team-tourn"]
[EventRounds "9"]
[EventCountry "HUN"]
[Source "chess.hu"]
[WhiteTeam "Fehervar SE"]
[BlackTeam "MTK Budapest II."]
[WhiteTeamCountry "HUN"]
[BlackTeamCountry "HUN"]

1. e4 c5 2. Nf3 e6 3. d4 cxd4 4. Nxd4 Nf6 5. Nc3 Nc6 6. Be3 Bb4 7. Nxc6 bxc6 8.
f3 d5 9. e5 Nd7 10. f4 O-O 11. a3 Bxc3+ 12. bxc3 f6 13. exf6 Qxf6 14. Qd4 Qe7
15. Be2 e5 16. fxe5 Nxe5 17. Qc5 Qh4+ 18. Bf2 Qe4 19. Qe3 Qxg2 20. Rg1 Nf3+ 21.
Bxf3 Qxf3 22. Qxf3 Rxf3 23. Bd4 g6 24. Rg3 Rf7 25. Kd2 Rb8 26. Re1 Bf5 27. c4
dxc4 28. Kc3 Rd7 29. Rge3 Kf7 30. Bc5 Rb5 31. Re7+ Rxe7 32. Bxe7 Be6 33. Bd6
Rd5 34. Bg3 Rf5 35. Re5 Rf3+ 36. Kb4 Bd5 37. a4 h5 38. Kc5 Rc3 39. Re2 g5 40.
Kd6 h4 41. Be1 Rh3 42. Bb4 g4 43. Bc5 a6 44. Kc7 g3 45. hxg3 Rxg3 46. Kb6 h3
47. Bd6 Rg2 48. Rxg2 hxg2 49. Bc5 c3 50. Ka5 Be4 51. Kb4 Bxc2 52. a5 Ke6 53.
Kxc3 Kd5 54. Bg1 Bg6 55. Kb4 Bd3 56. Kc3 Bb5 57. Kb4 Ke4 58. Kc3 Kf3 59. Kd2
Kf4 60. Kc3 Ke4 61. Kd2 Kd5 62. Kc3 c5 63. Bf2 Be2 64. Bg1 Kc6 65. Bf2 Kd6 66.
Bg1 Bb5 67. Bf2 Kd5 68. Bg1 Bd7 69. Bf2 Be8 70. Bg1 Bf7 71. Bf2 c4 72. Bg1 Ke4
73. Bb6 Kf3 74. Kd2 Kg3 75. Bg1 Kf4 76. Kc3 Ke5 77. Bf2 Kd5 78. Bg1 Bg6 79. Bf2
Bd3 80. Bg1 Ke5 81. Bf2 Kf4 82. Bg1 Kg4 83. Kd2 Bf1 84. Bf2 Kf4 85. Bg1 Kf3 86.
Bb6 Bd3 87. Bg1 Bg6 88. Bb6 Kg3 89. Bg1 Bh7 90. Kc3 Bg8 91. Kd2 Bf7 92. Kc3 Kf3
93. Kd2 Be6 94. Bb6 Ke4 95. Bg1 Bg8 96. Kc3 Kd5 97. Bf2 Kc6 98. Kb4 Be6 99. Bg1
Bd5 100. Bf2 Kd6 101. Kc3 Ke5 102. Bg1 Kf4 103. Kd2 Kg3 104. Kc3 Kf3 105. Kd2
Bg8 106. Bb6 c3+ 107. Kxc3 Ke2 108. Kb2 Kf1 109. Ka1 g1=Q 110. Bxg1 Kxg1
1/2-1/2

[Event "NB II. Breyer csoport"]
[Site "Budapest"]
[Date "2024.03.10"]
[Round "6.6"]
[White "Horvath, Andras"]
[Black "Nadi, Ferenc"]
[Result "1/2-1/2"]
[WhiteElo "1918"]
[BlackElo "2026"]
[PlyCount "82"]
[EventDate "2023.10.08"]
[EventType "team-tourn"]
[EventRounds "9"]
[EventCountry "HUN"]
[Source "chess.hu"]
[WhiteTeam "MTK Budapest II."]
[BlackTeam "Fehervar SE"]
[WhiteTeamCountry "HUN"]
[BlackTeamCountry "HUN"]

1. e4 c6 2. d4 d5 3. exd5 cxd5 4. Bd3 Nc6 5. c3 Nf6 6. Bf4 g6 7. Nf3 Bg7 8. O-O
O-O 9. Nbd2 Bf5 10. Qc2 Bxd3 11. Qxd3 a6 12. Rfe1 Rc8 13. a4 e6 14. h3 Qd7 15.
Ne5 Nxe5 16. dxe5 Ne8 17. Nf3 Rc4 18. Be3 f6 19. b3 Rc8 20. Bd4 f5 21. Be3 Qc7
22. Rac1 Qa5 23. b4 Qxa4 24. Bc5 Rxc5 25. bxc5 Nc7 26. Rb1 Qc6 27. Nd4 Qxc5 28.
Rxb7 Re8 29. Kh2 f4 30. Re2 a5 31. Nb5 f3 32. gxf3 Nxb5 33. Qxb5 Bxe5+ 34. f4
Qxb5 35. Rxb5 Bxc3 36. Rxd5 exd5 37. Rxe8+ Kf7 38. Ra8 d4 39. Kg2 d3 40. Kf3 d2
41. Ke2 Kf6 1/2-1/2

[Event "NB II. Breyer csoport"]
[Site "Budapest"]
[Date "2024.03.10"]
[Round "6.7"]
[White "Grull, Denes"]
[Black "Fekete, Martin"]
[Result "1/2-1/2"]
[WhiteElo "1921"]
[BlackElo "1949"]
[PlyCount "52"]
[EventDate "2023.10.08"]
[EventType "team-tourn"]
[EventRounds "9"]
[EventCountry "HUN"]
[Source "chess.hu"]
[WhiteTeam "Fehervar SE"]
[BlackTeam "MTK Budapest II."]
[WhiteTeamCountry "HUN"]
[BlackTeamCountry "HUN"]

1. d4 Nf6 2. Bf4 d5 3. e3 g6 4. Nf3 Bg7 5. c4 e6 6. Nc3 a6 7. c5 O-O 8. Bd3 Nc6
9. Ne5 Nh5 10. Nxc6 bxc6 11. Bg3 Nxg3 12. hxg3 Qg5 13. Qa4 Bd7 14. Ne2 e5 15.
dxe5 Qxe5 16. Nd4 Rfe8 17. O-O Qg5 18. Rfe1 f5 19. Qa5 Ra7 20. b3 Qf6 21. Rac1
h6 22. b4 Rea8 23. Nb3 Qe7 24. Qa4 Rb8 25. Na5 Qf6 26. Nb3 Rba8 1/2-1/2

[Event "NB II. Breyer csoport"]
[Site "Budapest"]
[Date "2024.03.10"]
[Round "6.8"]
[White "Toth, Rafael"]
[Black "Somos, Mate"]
[Result "1/2-1/2"]
[WhiteElo "1843"]
[BlackElo "1837"]
[PlyCount "89"]
[EventDate "2023.10.08"]
[EventType "team-tourn"]
[EventRounds "9"]
[EventCountry "HUN"]
[Source "chess.hu"]
[WhiteTeam "MTK Budapest II."]
[BlackTeam "Fehervar SE"]
[WhiteTeamCountry "HUN"]
[BlackTeamCountry "HUN"]

1. e4 e5 2. Nf3 Nc6 3. Bb5 a6 4. Ba4 Nf6 5. O-O d6 6. Re1 Bd7 7. c3 g6 8. d4
Bg7 9. Bg5 O-O 10. Nbd2 h6 11. Bh4 Qe8 12. Bg3 Nh5 13. Nf1 exd4 14. Bxc6 bxc6
15. cxd4 Rb8 16. Qd2 Qc8 17. Rac1 Qb7 18. b3 Nxg3 19. Nxg3 Qb4 20. Qd3 a5 21.
e5 Qa3 22. Qc2 Rfe8 23. Re2 Rb5 24. Rce1 d5 25. e6 Bxe6 26. Qxc6 Rbb8 27. Qxc7
Qb4 28. Qf4 Rbc8 29. Ne5 Bxe5 30. Rxe5 Kg7 31. R5e2 a4 32. Qd2 Qa3 33. Re3 axb3
34. Rxb3 Qa7 35. Reb1 Rc4 36. Ne2 Rec8 37. Rc3 Bf5 38. Rbc1 Qa4 39. Rxc4 Rxc4
40. Rxc4 Qxc4 41. Nc3 Bc8 42. f3 Ba6 43. Kf2 Qf1+ 44. Kg3 Qc4 45. Kf2 1/2-1/2

[Event "NB II. Breyer csoport"]
[Site "Budapest"]
[Date "2024.03.10"]
[Round "6.9"]
[White "Rabi-Nagy, Daniel"]
[Black "Gondor, Jakab"]
[Result "1/2-1/2"]
[WhiteElo "1839"]
[BlackElo "1893"]
[PlyCount "40"]
[EventDate "2023.10.08"]
[EventType "team-tourn"]
[EventRounds "9"]
[EventCountry "HUN"]
[Source "chess.hu"]
[WhiteTeam "Fehervar SE"]
[BlackTeam "MTK Budapest II."]
[WhiteTeamCountry "HUN"]
[BlackTeamCountry "HUN"]

1. e4 g6 2. d4 Bg7 3. f4 d6 4. Nf3 Nf6 5. Bd3 O-O 6. c3 c5 7. O-O Bg4 8. d5 e6
9. dxe6 fxe6 10. h3 Bxf3 11. Qxf3 Nc6 12. Be3 Qe7 13. Nd2 Rad8 14. Rae1 d5 15.
exd5 exd5 16. Bd4 Nxd4 17. Rxe7 Nxf3+ 18. Nxf3 Rd7 19. Rfe1 Rxe7 20. Rxe7 Rf7
1/2-1/2

[Event "NB II. Breyer csoport"]
[Site "Budapest"]
[Date "2024.03.10"]
[Round "6.10"]
[White "Kiss, Inez"]
[Black "Kerekes, Laszlo Fulop"]
[Result "1-0"]
[WhiteElo "1806"]
[BlackElo "1792"]
[PlyCount "101"]
[EventDate "2023.10.08"]
[EventType "team-tourn"]
[EventRounds "9"]
[EventCountry "HUN"]
[Source "chess.hu"]
[WhiteTeam "MTK Budapest II."]
[BlackTeam "Fehervar SE"]
[WhiteTeamCountry "HUN"]
[BlackTeamCountry "HUN"]

1. e4 c5 2. c4 Nc6 3. Nc3 d6 4. g3 g6 5. Bg2 Bg7 6. Nge2 Nf6 7. d3 O-O 8. O-O
Bd7 9. h3 Ne8 10. f4 f5 11. Be3 e5 12. fxe5 dxe5 13. Bxc5 Rf7 14. exf5 Rxf5 15.
Nd5 Nf6 16. Nec3 Kh8 17. Nb5 b6 18. Nd6 Rxf1+ 19. Qxf1 Kg8 20. Nxf6+ Bxf6 21.
Bd5+ Kg7 22. Nf7 Qc8 23. Be3 Be6 24. Nd6 Qd7 25. Bh6+ Kxh6 26. Qxf6 Qxd6 27.
Bxe6 Nd4 28. Qh4+ Kg7 29. Bd5 Qxd5 30. cxd5 Nf3+ 31. Kf2 Nxh4 32. gxh4 Rd8 33.
Ke3 Rxd5 34. Ke4 Rb5 35. b3 Kf6 36. Rc1 Rc5 37. Rc4 Ke6 38. b4 Rxc4+ 39. dxc4
Kd6 40. c5+ bxc5 41. bxc5+ Kxc5 42. Kxe5 Kb4 43. Kf6 Ka3 44. Kg7 h5 45. Kxg6
Kxa2 46. Kxh5 Kb1 47. Kg6 a5 48. h5 a4 49. h6 a3 50. h7 a2 51. h8=Q 1-0

[Event "NB II. Breyer csoport"]
[Site "Budapest"]
[Date "2024.03.10"]
[Round "6.11"]
[White "Barna, Tamas"]
[Black "Toth, Timea"]
[Result "1-0"]
[WhiteElo "1657"]
[BlackElo "1726"]
[PlyCount "107"]
[EventDate "2023.10.08"]
[EventType "team-tourn"]
[EventRounds "9"]
[EventCountry "HUN"]
[Source "chess.hu"]
[WhiteTeam "Fehervar SE"]
[BlackTeam "MTK Budapest II."]
[WhiteTeamCountry "HUN"]
[BlackTeamCountry "HUN"]

1. d4 d5 2. Bf4 Bf5 3. e3 e6 4. Nf3 Nd7 5. Bd3 Bxd3 6. cxd3 c6 7. Qb3 Qb6 8.
Nbd2 Ngf6 9. h3 Rc8 10. Rc1 c5 11. O-O Be7 12. dxc5 Rxc5 13. d4 Rc6 14. Qxb6
axb6 15. g4 O-O 16. Ne5 Nxe5 17. Bxe5 Ra8 18. a3 Rac8 19. Nb3 Rc2 20. Rxc2 Rxc2
21. Rc1 Rc6 22. Rxc6 bxc6 23. Bc7 Nd7 24. Nc1 c5 25. dxc5 Nxc5 26. Bxb6 Na4 27.
Bd4 f6 28. b3 Nc5 29. Bxc5 Bxc5 30. b4 Bd6 31. Nd3 Kf8 32. a4 Ke8 33. Kf1 Kd7
34. Ke2 Kc6 35. f4 e5 36. Kd2 d4 37. fxe5 fxe5 38. exd4 exd4 39. b5+ Kb6 40.
Nb2 Kc5 41. Kd3 Be7 42. Nc4 g6 43. b6 Kc6 44. Kxd4 h5 45. a5 Kb7 46. Kd5 Bb4
47. Ke6 hxg4 48. hxg4 g5 49. Kd7 Bc3 50. Nd6+ Kb8 51. a6 Be5 52. Nb5 Bg3 53.
a7+ Kb7 54. Nc7 1-0